社会主义国家(过去&现在)Communism Countries(Past&Present) - Statistics

General Stats
  • This quiz has been taken 401 times
  • The average score is 13 of 39
Answer Stats
建国时间 退出社会主义阵营时间 答案 % Correct
1917.11.7 1991.12.26 俄罗斯苏维埃共和国
81%
1917.12.5 1991.8.24 乌克兰苏维埃共和国
73%
1949.10.1 中华人民共和国
71%
1919.1.1 1991.8.25 白俄罗斯苏维埃共和国
67%
1948.9.9 朝鲜民主主义人民共和国
63%
1945.9.2 越南社会主义共和国
59%
1959.1.1 古巴共和国
59%
1975.12.12 老挝人民民主共和国
53%
1924.11.26(1946中国承认) 1992.2.12 蒙古人民共和国
42%
1920.4.8 1991.12.26 阿塞拜疆苏维埃共和国
39%
1920.11.29 1991.12.26 亚美尼亚苏维埃共和国
37%
1921.2.5 1991.4.9 格鲁吉亚苏维埃共和国
37%
1940.7.21 1990.3.11 立陶宛苏维埃共和国
33%
1940.7.21 1991.8.20 爱沙尼亚苏维埃共和国
32%
1940.7.21 1991.8.22 拉脱维亚苏维埃共和国
32%
1936.12.5 1991.12.26 哈萨克苏维埃共和国
31%
1945.11.29 1992.4.27 南斯拉夫社会主义联邦共和国
31%
1936.12.5 1991.12.26 吉尔吉斯苏维埃共和国
30%
1944.7.21 1989.12.29 波兰人民共和国
30%
1949.10.7 1990.10.3 德意志民主共和国
30%
1924.10.27 1991.12.26 塔吉克苏维埃共和国
29%
1924.10.27 1991.12.26 土库曼苏维埃共和国
29%
1924.10.27 1991.12.26 乌兹别克苏维埃共和国
29%
1947.12.30 1989.12.28 罗马尼亚社会主义共和国
27%
1940.8.2 1991.8.27 摩尔达维亚苏维埃共和国
26%
1949.8.20 1989.10.23 匈牙利人民共和国
26%
1946.9.15 1990.1.15 保加利亚人民共和国
24%
1946.1.11 1991.4.1 阿尔巴尼亚人民共和国
23%
1948.5.9 1990.3.6 捷克斯洛伐克社会主义共和国
23%
1976.1.5 1993.10.24 民主柬埔寨
20%
1967.11.30 1990.5.22 也门民主人民共和国
16%
1974.9.21 1991.5.28 埃塞俄比亚人民民主共和国
16%
1975.11.11 1992.1.21 安哥拉人民共和国
16%
1978.4.29 1992.4.28 阿富汗民主共和国
15%
1969.10.21 1991.2.1 索马里民主共和国
14%
1975.6.25 1990.11.11 莫桑比克人民共和国
14%
1969.12.31 1991.5.10 刚果人民共和国
12%
1975.10.30 1990.3.1 贝宁人民共和国
12%
1922.3.21 1991.12.26 外高加索苏维埃联邦共和国
11%
No matching quizzes found
Score Distribution
Percent of People with Each Score
Percentile by Number Answered
Your Score History
You have not taken this quiz